01001nam a2200277 i 4500003000900000005001700009007000300026008004100029020001500070040003000085041000800115082001900123100004200142245012000184250002200304264005100326300002200377336002700399337003500426338003000461590002600491910001500517942001400532952016000546999001700706DO-SdBNP20251015143030.0ta150612s2002 dr 000 0 spa d a9993458066 aDO-SdBNPbspacBNPHUerda aspa 4axxxbL791t222 aLladó, Juan A.,eautor4aut.93713810aTurismo y desarrollo : bel despegue de la industria sin chimeneas en la República Dominicana /cJuan A. Lladó. aPrimera edición 1aSanto Domingo : bEditora Centenario, c2002. avolumen ;c23 cm. atextobtxt2rdacontent asin mediación bn2rdamedia  avolumen bnc2rdacarrier  aInventariado, 2025/BT aBtavárez 2ddccLBS1 00102ddc51708PDaBNPHUbBNPHUcCTd2025-10-15eDonado por Federico Henríquez Gratereauxl0oBNPHU PD L791tp2025-11900r2025-10-15w2025-10-15yLBS1 c59964d59964